| 000 | 00429nam a2200133Ia 4500 | ||
|---|---|---|---|
| 008 | 160809s9999 xx 000 0 und d | ||
| 100 | _aOh, Juhyeon. | ||
| 245 | _aFileshader : Entrusted Data Integration Using Hash Server | ||
| 245 | _cJuhyeon Oh and Chae Y. Lee. | ||
| 260 | _bComputer Science and Information Technology | ||
| 260 | _cMarch 2016 | ||
| 650 | _xINFORMATION TECHNOLOGY | ||
| 856 | _uhttp://airccse.org/V6N51.html | ||
| 999 |
_c300079 _d300079 |
||